| 000 | 00613cam a22002291 4500 | ||
|---|---|---|---|
| 001 | 8200701 | ||
| 005 | 20180109080107.0 | ||
| 008 | 720906s1881 nyuac 000 0 eng | ||
| 010 | _a 04016907 | ||
| 035 | _a(OCoLC)399244 | ||
| 040 |
_aDLC _cOAU _dOCoLC _dCSdP _dDLC |
||
| 041 | _aeng | ||
| 042 | _apremarc | ||
| 080 | _a82 ROL | ||
| 082 | _a82 ROL | ||
| 100 | 1 | _a21 | |
| 101 | _aGJL | ||
| 245 | 0 | 0 |
_aShakespeare's comedy of the Taming of the shrew. _cEd., with notes, by William J. Rolfe ... |
| 740 | 0 | _aTaming of the shrew. | |
| 906 |
_a7 _bcbc _coclcrpl _du _encip _f19 _gy-gencatlg |
||
| 942 |
_2ddc _cBK |
||
| 999 |
_c39938 _d39938 |
||